Transferové oceňovanie

Pokračovanie príspevku z predchádzajúceho čísla. Národná právna úprava transferového oceňovania. Pravidlá transferového oceňovania v zákone o dani z príjmov. Definícia kontrolovanej transakcie.

Guardado en:
Detalles Bibliográficos
Autor principal: Seneši, Norbert
Otros Autores: Máziková, Katarína
Formato: Capítulo de libro
Lenguaje:eslovaco
Materias:
Etiquetas: Agregar Etiqueta
Sin Etiquetas, Sea el primero en etiquetar este registro!

MARC

LEADER 00000naa a2200000 4500
001 0237840
005 20240502073839.7
041 0 |a slo 
044 |a SK 
245 1 0 |a Transferové oceňovanie  |c Norbert Seneši, Katarína Máziková 
520 |a Pokračovanie príspevku z predchádzajúceho čísla. Národná právna úprava transferového oceňovania. Pravidlá transferového oceňovania v zákone o dani z príjmov. Definícia kontrolovanej transakcie. 
610 2 0 |a oceňovanie transferové 
610 2 0 |a úpravy právne 
610 2 0 |a dane z príjmov 
610 2 0 |a osoby závislé 
610 2 0 |a Slovensko 
610 2 0 |a harmonizácia 
100 1 |a Seneši, Norbert 
700 1 |a Máziková, Katarína